Statistics for FAA Aeromedical Factors

Click here to take the quiz!

General Stats

  • This quiz has been taken 25 times
  • The average score is 9 of 23

Answer Stats

HintAnswer% Correct
Who do you talk to if you have a medical deficiency?AME
83%
Who do you talk to to get a medical certificate?Aviation Medical Examiner (AME)
83%
"Over-breathing" or breathing too rapidlyHyperventilation
78%
Oxygen deficiency in the bodyHypoxia
78%
or (alcohol level)BAC of 0.04% or higher
61%
FAR's prohibit pilots from flying after drinking (how long)within 8 hours
56%
Dive with decompression stops24 hours
50%
After any dive for a flight above 8,000 ft24 hours
50%
These can impair a pilot's judgement and performancePrescription and OTC medications
50%
Unpressurized Flight up to 8,000 ft: no decompression stops12 hours
44%
Caused by blood loss, malnutrition, or not drinking enoughDehydration
39%
Incorrect perception of position or motion in relation to the EarthSpatial disorientation
39%
What is issued by the FAA so you can fly with a medical deficiency?Statement of Demonstrated Ability (SODA)
39%
Body's reaction to demands placed on itStress
39%
Headaches, drowsiness, and fatigue caused by a gasCarbon monoxide poisoning
33%
Felt after normal daily activity and work loadAcute fatigue
28%
nausea, sweating, and vomiting cause by conflicting informationMotion sickness
28%
Insufficient recovery time from periods of PREVIOUS ANSWERChronic fatigue
22%
Eustachian tube is held closed by pressure differenceEar block
17%
Pressure differential between sinuses and cabinSinus block
11%
Antihistamines
0%
These inhibit a person's nervous systemSedatives
0%
Tranquilizers
0%

Score Distribution

Percentile by Number Answered

Percent of People with Each Score

Your Score History

You have not taken this quiz